[Event "World Chess Olympiad 2018"]
[Site "Batumi"]
[Date "2018.10.04"]
[Round "10"]
[Board "2"]
[WhiteFideId "11601388"]
[White "Neiksans Arturs"]
[BlackFideId "13801163"]
[Black "Taalaibekov Tagir"]
[Result "1-0"]
[LiveChessVersion "1.4.8"]
[BlackElo "2291"]
[WhiteElo "2566"]

1. e4 {[%clk 1:30:57]} e6 {[%clk 1:30:30]} 2. d4 {[%clk 1:31:22]} d5
{[%clk 1:30:57]} 3. Nd2 {[%clk 1:31:46]} c5 {[%clk 1:31:15]} 4. Ngf3
{[%clk 1:32:02]} Nc6 {[%clk 1:31:39]} 5. exd5 {[%clk 1:32:19]} exd5
{[%clk 1:31:42]} 6. Bb5 {[%clk 1:32:43]} Bd6 {[%clk 1:32:07]} 7. dxc5
{[%clk 1:32:57]} Bxc5 {[%clk 1:32:33]} 8. O-O {[%clk 1:33:16]} Nge7
{[%clk 1:32:59]} 9. Nb3 {[%clk 1:33:30]} Bd6 {[%clk 1:33:14]} 10. Re1
{[%clk 1:33:18]} O-O {[%clk 1:33:31]} 11. Bd3 {[%clk 1:33:42]} Bf5
{[%clk 1:33:34]} 12. Bg5 {[%clk 1:27:42]} Bxd3 {[%clk 1:33:09]} 13. Qxd3
{[%clk 1:28:00]} f6 {[%clk 1:32:54]} 14. Bh4 {[%clk 1:26:26]} Ne5
{[%clk 1:16:41]} 15. Nxe5 {[%clk 1:24:43]} Bxe5 {[%clk 1:17:10]} 16. c3
{[%clk 1:10:14]} Qd6 {[%clk 1:14:38]} 17. Bg3 {[%clk 1:09:12]} Ng6
{[%clk 0:51:15]} 18. Rad1 {[%clk 1:06:09]} Rad8 {[%clk 0:49:04]} 19. Nd4
{[%clk 1:04:15]} Qb6 {[%clk 0:47:10]} 20. Re2 {[%clk 0:57:31]} Rfe8
{[%clk 0:40:02]} 21. Rde1 {[%clk 0:56:22]} Qa5 {[%clk 0:37:35]} 22. h4
{[%clk 0:43:12]} Qc7 {[%clk 0:21:52]} 23. h5 {[%clk 0:41:12]} Nf8
{[%clk 0:22:09]} 24. Nf3 {[%clk 0:40:09]} Qc4 {[%clk 0:12:10]} 25. Qxc4
{[%clk 0:35:41]} dxc4 {[%clk 0:12:39]} 26. Nxe5 {[%clk 0:36:03]} fxe5
{[%clk 0:11:20]} 27. Rxe5 {[%clk 0:35:01]} Rxe5 {[%clk 0:10:44]} 28. Rxe5
{[%clk 0:35:27]} Rd1+ {[%clk 0:07:30]} 29. Kh2 {[%clk 0:34:47]} a6
{[%clk 0:07:54]} 30. Bf4 {[%clk 0:30:56]} Nd7 {[%clk 0:07:41]} 31. Re8+
{[%clk 0:29:46]} Kf7 {[%clk 0:07:47]} 32. Rd8 {[%clk 0:30:08]} Rd5
{[%clk 0:06:55]} 33. g4 {[%clk 0:29:36]} Ke7 {[%clk 0:06:29]} 34. Rc8
{[%clk 0:23:21]} Rc5 {[%clk 0:05:02]} 35. Rh8 {[%clk 0:23:29]} Nf6
{[%clk 0:01:25]} 36. g5 {[%clk 0:23:45]} Nd5 {[%clk 0:00:55]} 37. Be5
{[%clk 0:23:34]} Nb6 {[%clk 0:00:48]} 38. Bd4 {[%clk 0:23:33]} Rxg5
{[%clk 0:00:54]} 39. Bxb6 {[%clk 0:23:25]} Rxh5+ {[%clk 0:01:20]} 40. Kg2
{[%clk 0:53:47]} Rb5 {[%clk 0:31:37]} 41. Bd4 {[%clk 0:53:54]} Rxb2
{[%clk 0:26:19]} 42. Rxh7 {[%clk 0:53:50]} b5 {[%clk 0:23:23]} 43. Rxg7+
{[%clk 0:53:03]} Ke8 {[%clk 0:23:38]} 44. a4 {[%clk 0:51:34]} bxa4
{[%clk 0:21:54]} 45. Ra7 {[%clk 0:51:58]} a3 {[%clk 0:22:21]} 46. Rxa6
{[%clk 0:52:24]} a2 {[%clk 0:22:49]} 47. Kg3 {[%clk 0:52:31]} Kf7
{[%clk 0:23:07]} 48. f4 {[%clk 0:52:54]} Rc2 {[%clk 0:23:12]} 49. f5
{[%clk 0:53:10]} Rd2 {[%clk 0:23:03]} 50. Ra7+ {[%clk 0:53:30]} Kg8
{[%clk 0:21:41]} 51. f6 {[%clk 0:53:53]} 1-0

[Event "World Chess Olympiad 2018"]
[Site "Batumi"]
[Date "2018.10.04"]
[Round "10"]
[Board "3"]
[WhiteFideId "13800337"]
[White "Abdyjapar Asyl"]
[BlackFideId "11602740"]
[Black "Meshkovs Nikita"]
[Result "0-1"]
[LiveChessVersion "1.4.8"]
[BlackElo "2535"]
[WhiteElo "2372"]

1. d4 {[%clk 1:30:38]} Nf6 {[%clk 1:30:48]} 2. c4 {[%clk 1:31:02]} e6
{[%clk 1:31:14]} 3. Nc3 {[%clk 1:31:29]} Bb4 {[%clk 1:31:37]} 4. Qc2
{[%clk 1:31:51]} b6 {[%clk 1:28:03]} 5. e4 {[%clk 1:32:14]} c5 {[%clk 1:27:22]}
6. e5 {[%clk 1:32:41]} cxd4 {[%clk 1:27:07]} 7. a3 {[%clk 1:33:07]} Bxc3+
{[%clk 1:27:14]} 8. bxc3 {[%clk 1:33:32]} Ng8 {[%clk 1:27:36]} 9. Qe4
{[%clk 1:33:51]} Nc6 {[%clk 1:24:13]} 10. cxd4 {[%clk 1:30:57]} Bb7
{[%clk 1:24:37]} 11. d5 {[%clk 1:28:30]} Nce7 {[%clk 1:22:12]} 12. Qg4
{[%clk 1:28:48]} Ng6 {[%clk 1:21:48]} 13. Nf3 {[%clk 1:28:48]} exd5
{[%clk 1:18:48]} 14. Bb2 {[%clk 1:24:35]} Nh6 {[%clk 1:13:10]} 15. Qd4
{[%clk 1:23:27]} Nf5 {[%clk 1:11:35]} 16. Qg4 {[%clk 1:20:08]} Nfh4
{[%clk 1:09:33]} 17. O-O-O {[%clk 1:19:31]} Rc8 {[%clk 1:06:51]} 18. Kb1
{[%clk 1:18:20]} h5 {[%clk 1:05:02]} 19. Qd4 {[%clk 1:17:54]} Nf5
{[%clk 1:04:19]} 20. Qd3 {[%clk 1:15:53]} Nge7 {[%clk 1:04:41]} 21. Qb3
{[%clk 1:13:18]} Rc5 {[%clk 1:02:11]} 22. cxd5 {[%clk 1:10:40]} Bxd5
{[%clk 0:58:21]} 23. Rxd5 {[%clk 1:11:06]} Nxd5 {[%clk 0:57:52]} 24. Bc4
{[%clk 1:11:00]} Qa8 {[%clk 0:57:29]} 25. Rd1 {[%clk 1:09:45]} Nfe7
{[%clk 0:57:52]} 26. Ng5 {[%clk 1:08:36]} Qc6 {[%clk 0:53:02]} 27. Rd4
{[%clk 0:51:14]} Qg6+ {[%clk 0:24:06]} 28. Ne4 {[%clk 0:50:53]} O-O
{[%clk 0:24:21]} 29. Bd3 {[%clk 0:36:10]} Qxg2 {[%clk 0:19:49]} 30. Ka2
{[%clk 0:36:09]} Ra5 {[%clk 0:17:59]} 31. Bb1 {[%clk 0:30:36]} Rc8
{[%clk 0:14:36]} 32. Qd1 {[%clk 0:23:45]} Qxh2 {[%clk 0:12:05]} 33. Rd2
{[%clk 0:17:27]} Qh3 {[%clk 0:11:05]} 34. f3 {[%clk 0:17:08]} Rb5
{[%clk 0:06:01]} 35. Nd6 {[%clk 0:15:15]} Qe6 {[%clk 0:05:22]} 36. Qe1
{[%clk 0:13:12]} Nc3+ {[%clk 0:04:03]} 37. Ka1 {[%clk 0:13:38]} Rxe5
{[%clk 0:03:35]} 38. Qg3 {[%clk 0:13:34]} Re1 {[%clk 0:03:44]} 39. Bxc3
{[%clk 0:13:22]} Rxc3 {[%clk 0:04:01]} 0-1

[Event "World Chess Olympiad 2018"]
[Site "Batumi"]
[Date "2018.10.04"]
[Round "10"]
[Board "4"]
[WhiteFideId "11601426"]
[White "Bernotas Arturs"]
[BlackFideId "13800027"]
[Black "Mamatov Melis"]
[Result "0-1"]
[LiveChessVersion "1.4.8"]
[BlackElo "2196"]
[WhiteElo "2408"]

1. e4 {[%clk 1:30:56]} c5 {[%clk 1:30:22]} 2. Nf3 {[%clk 1:31:11]} d6
{[%clk 1:30:33]} 3. Bb5+ {[%clk 1:31:20]} Nc6 {[%clk 1:30:34]} 4. O-O
{[%clk 1:31:26]} Bg4 {[%clk 1:30:03]} 5. h3 {[%clk 1:29:21]} Bh5 {[%clk 1:30:17]}
6. e5 {[%clk 1:25:09]} e6 {[%clk 1:26:01]} 7. Bxc6+ {[%clk 1:19:00]} bxc6
{[%clk 1:26:30]} 8. exd6 {[%clk 1:19:17]} Bxd6 {[%clk 1:26:50]} 9. Na3
{[%clk 1:15:23]} Ne7 {[%clk 1:25:15]} 10. Nc4 {[%clk 1:15:11]} f6
{[%clk 1:24:15]} 11. b3 {[%clk 1:07:55]} e5 {[%clk 1:22:26]} 12. d3
{[%clk 1:07:57]} Nd5 {[%clk 1:21:55]} 13. Be3 {[%clk 1:02:47]} Be7
{[%clk 1:19:29]} 14. g4 {[%clk 1:00:18]} Bg6 {[%clk 1:19:25]} 15. Nh4
{[%clk 0:58:58]} Qd7 {[%clk 1:14:18]} 16. Qe1 {[%clk 0:57:23]} O-O
{[%clk 0:38:33]} 17. f4 {[%clk 0:49:19]} exf4 {[%clk 0:36:40]} 18. Bxf4
{[%clk 0:48:17]} Nxf4 {[%clk 0:36:18]} 19. Rxf4 {[%clk 0:48:36]} Rae8
{[%clk 0:32:03]} 20. Qf2 {[%clk 0:38:53]} Bd8 {[%clk 0:13:18]} 21. Nxg6
{[%clk 0:31:42]} hxg6 {[%clk 0:11:37]} 22. Re1 {[%clk 0:27:15]} Rxe1+
{[%clk 0:09:56]} 23. Qxe1 {[%clk 0:27:04]} f5 {[%clk 0:08:39]} 24. Qf1
{[%clk 0:18:49]} Bg5 {[%clk 0:07:28]} 25. Rf3 {[%clk 0:19:06]} Bf6
{[%clk 0:07:51]} 26. gxf5 {[%clk 0:15:20]} gxf5 {[%clk 0:08:13]} 27. Kg2
{[%clk 0:15:45]} Bd4 {[%clk 0:07:59]} 28. Ne3 {[%clk 0:12:16]} g6
{[%clk 0:03:42]} 29. Nd1 {[%clk 0:10:41]} Re8 {[%clk 0:03:31]} 30. c3
{[%clk 0:11:02]} Bf6 {[%clk 0:03:42]} 31. Qf2 {[%clk 0:11:05]} Qd6
{[%clk 0:02:37]} 32. Re3 {[%clk 0:09:02]} Re7 {[%clk 0:00:59]} 33. Qf3
{[%clk 0:08:03]} Re6 {[%clk 0:01:01]} 34. Kf1 {[%clk 0:05:59]} Kf7
{[%clk 0:00:50]} 35. Qf2 {[%clk 0:04:12]} Re7 {[%clk 0:00:38]} 36. Rxe7+
{[%clk 0:03:46]} Qxe7 {[%clk 0:01:07]} 37. Qf3 {[%clk 0:03:14]} Qe6
{[%clk 0:01:01]} 38. Qg3 {[%clk 0:03:04]} Be5 {[%clk 0:00:50]} 39. Qe3
{[%clk 0:03:18]} Qd6 {[%clk 0:00:52]} 40. b4 {[%clk 0:33:13]} cxb4 41. Qxa7+
{[%clk 0:29:52]} Kf6 {[%clk 0:22:41]} 42. d4 {[%clk 0:25:48]} Bg3
{[%clk 0:22:28]} 43. Qc5 {[%clk 0:20:13]} Qxc5 44. dxc5 {[%clk 0:20:40]} bxc3
{[%clk 0:21:41]} 45. Nxc3 {[%clk 0:21:01]} Be5 {[%clk 0:22:01]} 46. Ne2
{[%clk 0:20:15]} Ke6 {[%clk 0:21:24]} 47. Nc1 {[%clk 0:20:21]} Kd5
{[%clk 0:20:57]} 48. Nd3 {[%clk 0:20:43]} g5 {[%clk 0:20:46]} 49. a4
{[%clk 0:19:51]} Bc3 {[%clk 0:16:50]} 50. Ke2 {[%clk 0:18:56]} Kd4
{[%clk 0:13:58]} 51. Nc1 {[%clk 0:18:09]} Kxc5 {[%clk 0:13:49]} 52. Kd3
{[%clk 0:18:31]} Be5 {[%clk 0:13:16]} 53. a5 {[%clk 0:18:39]} Kb5
{[%clk 0:13:23]} 54. Nb3 {[%clk 0:19:02]} c5 {[%clk 0:08:17]} 55. Nd2
{[%clk 0:19:25]} Bc7 {[%clk 0:08:29]} 56. Nc4 {[%clk 0:19:47]} g4
{[%clk 0:08:23]} 57. hxg4 {[%clk 0:18:53]} fxg4 58. Ne3 {[%clk 0:18:56]} g3
{[%clk 0:09:00]} 59. a6 {[%clk 0:19:19]} Kxa6 {[%clk 0:09:22]} 60. Kc4
{[%clk 0:19:42]} Kb6 {[%clk 0:09:22]} 61. Nd5+ {[%clk 0:18:56]} Kc6
{[%clk 0:09:39]} 62. Ne3 {[%clk 0:19:14]} Bf4 {[%clk 0:09:56]} 63. Ng2
{[%clk 0:19:18]} Bg5 {[%clk 0:09:35]} 64. Ne1 {[%clk 0:19:36]} Kd6
{[%clk 0:09:47]} 65. Ng2 {[%clk 0:19:30]} Be7 {[%clk 0:08:47]} 66. Kd3
{[%clk 0:19:34]} Ke5 {[%clk 0:09:04]} 67. Ke3 {[%clk 0:18:57]} Bd6
{[%clk 0:09:19]} 68. Nf4 {[%clk 0:18:49]} Kf5 {[%clk 0:09:30]} 69. Ng2
{[%clk 0:18:43]} Kg4 {[%clk 0:09:37]} 70. Ke4 {[%clk 0:18:50]} Kh3
{[%clk 0:09:45]} 71. Kf3 {[%clk 0:19:13]} c4 {[%clk 0:09:42]} 0-1

[Event "World Chess Olympiad 2018"]
[Site "Batumi"]
[Date "2018.10.04"]
[Round "10"]
[Board "1"]
[WhiteFideId "14403803"]
[White "Kadric Denis"]
[BlackFideId "9916148"]
[Black "Piyumantha M Sasith Nipun"]
[Result "1-0"]
[LiveChessVersion "1.4.8"]
[BlackElo "2139"]
[WhiteElo "2543"]

1. e4 {[%clk 1:30:58]} c5 {[%clk 1:30:45]} 2. Nc3 {[%clk 1:31:26]} Nc6
{[%clk 1:30:17]} 3. Bb5 {[%clk 1:31:55]} g6 {[%clk 1:30:24]} 4. Bxc6
{[%clk 1:32:22]} bxc6 {[%clk 1:29:23]} 5. f4 {[%clk 1:32:50]} Bg7
{[%clk 1:29:39]} 6. Nf3 {[%clk 1:33:18]} Nf6 {[%clk 1:28:43]} 7. d3
{[%clk 1:33:28]} O-O {[%clk 1:28:48]} 8. O-O {[%clk 1:33:56]} d6 {[%clk 1:28:10]}
9. Qe1 {[%clk 1:34:23]} Nh5 {[%clk 1:13:12]} 10. Kh1 {[%clk 1:33:53]} f5
{[%clk 1:08:47]} 11. e5 {[%clk 1:34:21]} Rb8 {[%clk 1:02:15]} 12. b3
{[%clk 1:31:52]} Rb4 {[%clk 0:57:52]} 13. Ne2 {[%clk 1:31:39]} Qc7
{[%clk 0:39:49]} 14. Bd2 {[%clk 1:30:44]} Rb8 {[%clk 0:34:48]} 15. Nc3
{[%clk 1:31:08]} Rb4 {[%clk 0:33:13]} 16. Ne2 {[%clk 1:26:25]} Rb8
{[%clk 0:31:00]} 17. Ba5 {[%clk 1:26:42]} Qd7 {[%clk 0:30:52]} 18. Rd1
{[%clk 1:26:52]} Ba6 {[%clk 0:28:43]} 19. c4 {[%clk 1:27:06]} Bb7
{[%clk 0:25:40]} 20. Qh4 {[%clk 1:26:28]} Qe6 {[%clk 0:21:37]} 21. Rfe1
{[%clk 1:26:32]} Qd7 {[%clk 0:12:37]} 22. Nc3 {[%clk 1:26:28]} Rbe8
{[%clk 0:11:40]} 23. Na4 {[%clk 1:26:28]} Bh6 {[%clk 0:11:21]} 24. Bd2
{[%clk 1:26:42]} Bg7 {[%clk 0:11:22]} 25. Re2 {[%clk 1:25:55]} Ba8
{[%clk 0:11:25]} 26. Rde1 {[%clk 1:23:57]} h6 {[%clk 0:10:11]} 27. Bc3
{[%clk 1:23:54]} Qd8 {[%clk 0:03:44]} 28. Re3 {[%clk 1:14:51]} Bh8
{[%clk 0:02:48]} 29. Rg1 {[%clk 1:14:07]} Kh7 {[%clk 0:01:52]} 30. g4
{[%clk 1:13:16]} fxg4 {[%clk 0:02:15]} 31. Rxg4 {[%clk 1:13:41]} Qd7
{[%clk 0:01:58]} 32. e6 {[%clk 1:13:14]} Qd8 {[%clk 0:02:07]} 33. Bxh8
{[%clk 1:13:39]} Rxh8 {[%clk 0:02:33]} 34. f5 {[%clk 1:13:53]} 1-0

[Event "World Chess Olympiad 2018"]
[Site "Batumi"]
[Date "2018.10.04"]
[Round "10"]
[Board "2"]
[WhiteFideId "9912053"]
[White "Thilakarathne G M H"]
[BlackFideId "14400049"]
[Black "Dizdarevic Emir"]
[Result "1/2-1/2"]
[LiveChessVersion "1.4.8"]
[BlackElo "2444"]
[WhiteElo "2238"]

1. e4 {[%clk 1:30:54]} c6 {[%clk 1:30:08]} 2. d4 {[%clk 1:31:19]} d5
{[%clk 1:30:32]} 3. e5 {[%clk 1:31:45]} c5 {[%clk 1:30:55]} 4. dxc5
{[%clk 1:32:11]} e6 {[%clk 1:31:21]} 5. a3 {[%clk 1:32:22]} Bxc5 {[%clk 1:31:40]}
6. Nf3 {[%clk 1:32:20]} Ne7 {[%clk 1:31:47]} 7. Bd3 {[%clk 1:29:47]} Ng6
{[%clk 1:31:24]} 8. O-O {[%clk 1:28:12]} Nc6 {[%clk 1:14:28]} 9. b4
{[%clk 1:26:52]} Be7 {[%clk 1:11:23]} 10. Re1 {[%clk 1:13:27]} O-O
{[%clk 1:08:13]} 11. Bb2 {[%clk 1:11:28]} Nf4 {[%clk 1:07:06]} 12. Bf1
{[%clk 1:03:54]} f6 {[%clk 1:02:58]} 13. c4 {[%clk 0:53:33]} Nxe5
{[%clk 0:48:57]} 14. Nxe5 {[%clk 0:52:34]} fxe5 {[%clk 0:49:20]} 15. Bxe5
{[%clk 0:50:18]} a5 {[%clk 0:41:20]} 16. cxd5 {[%clk 0:34:06]} axb4
{[%clk 0:30:49]} 17. d6 {[%clk 0:22:34]} Bf6 {[%clk 0:31:05]} 18. Bxf6
{[%clk 0:19:59]} Qxf6 {[%clk 0:22:41]} 19. Nd2 {[%clk 0:19:29]} Bd7
{[%clk 0:21:22]} 20. Ne4 {[%clk 0:16:01]} Qg6 {[%clk 0:20:39]} 21. axb4
{[%clk 0:11:03]} Nh3+ {[%clk 0:15:50]} 22. Kh1 {[%clk 0:11:29]} Rxa1
{[%clk 0:10:34]} 23. Qxa1 {[%clk 0:11:57]} Bc6 {[%clk 0:10:46]} 24. Ng3
{[%clk 0:09:43]} Nxf2+ {[%clk 0:08:50]} 25. Kg1 {[%clk 0:10:09]} Nd3
{[%clk 0:05:23]} 26. b5 {[%clk 0:05:28]} Bd5 {[%clk 0:03:40]} 27. Rd1
{[%clk 0:05:01]} Nf4 {[%clk 0:02:55]} 28. Qc3 {[%clk 0:04:40]} h5
{[%clk 0:02:41]} 29. h4 {[%clk 0:02:44]} Qf6 {[%clk 0:01:13]} 30. Qxf6
{[%clk 0:02:13]} gxf6 {[%clk 0:01:41]} 31. Rd4 {[%clk 0:02:29]} 1/2-1/2

[Event "World Chess Olympiad 2018"]
[Site "Batumi"]
[Date "2018.10.04"]
[Round "10"]
[Board "3"]
[WhiteFideId "14402661"]
[White "Marjanovic Dejan"]
[BlackFideId "9900993"]
[Black "Alahakoon Isuru"]
[Result "1-0"]
[LiveChessVersion "1.4.8"]
[BlackElo "2121"]
[WhiteElo "2382"]

1. d4 {[%clk 1:30:55]} e6 {[%clk 1:30:22]} 2. Nf3 {[%clk 1:31:04]} f5
{[%clk 1:29:56]} 3. c4 {[%clk 1:29:39]} Nf6 {[%clk 1:29:35]} 4. Nc3
{[%clk 1:26:01]} b6 {[%clk 1:25:15]} 5. a3 {[%clk 1:22:04]} Ba6 {[%clk 1:22:48]}
6. e3 {[%clk 1:15:19]} d5 {[%clk 1:16:39]} 7. Ne5 {[%clk 1:08:28]} c6
{[%clk 1:13:40]} 8. b4 {[%clk 0:56:57]} Bd6 {[%clk 1:09:57]} 9. b5
{[%clk 0:55:01]} cxb5 {[%clk 0:58:07]} 10. Nxb5 {[%clk 0:51:12]} Be7
{[%clk 0:52:12]} 11. cxd5 {[%clk 0:50:23]} exd5 {[%clk 0:44:14]} 12. Qc2
{[%clk 0:48:34]} O-O {[%clk 0:39:58]} 13. Nc7 {[%clk 0:44:18]} Qc8
{[%clk 0:30:49]} 14. Kd1 {[%clk 0:43:40]} Bxf1 {[%clk 0:25:02]} 15. Rxf1
{[%clk 0:41:34]} Nbd7 {[%clk 0:24:03]} 16. Nxa8 {[%clk 0:41:19]} Qa6
{[%clk 0:22:47]} 17. Qd3 {[%clk 0:40:57]} Qa4+ {[%clk 0:21:45]} 18. Ke2
{[%clk 0:40:55]} Rc8 {[%clk 0:16:48]} 19. Bd2 {[%clk 0:40:39]} Ne4
{[%clk 0:16:12]} 20. Rfc1 {[%clk 0:40:43]} Nec5 {[%clk 0:14:01]} 21. dxc5
{[%clk 0:38:30]} Nxe5 {[%clk 0:14:04]} 22. Qxd5+ {[%clk 0:38:48]} Nf7
{[%clk 0:12:23]} 23. cxb6 {[%clk 0:38:51]} Rd8 {[%clk 0:11:28]} 24. Qc4
{[%clk 0:36:48]} Qd7 {[%clk 0:11:26]} 25. Rd1 {[%clk 0:36:54]} Rc8
{[%clk 0:08:47]} 26. Nc7 {[%clk 0:37:06]} axb6 {[%clk 0:08:54]} 27. Rac1
{[%clk 0:37:20]} Bd6 {[%clk 0:08:35]} 28. Bb4 {[%clk 0:36:58]} Rxc7
{[%clk 0:04:07]} 29. Qxc7 {[%clk 0:36:28]} Qxc7 {[%clk 0:04:30]} 30. Rxc7
{[%clk 0:36:50]} Bxc7 {[%clk 0:04:55]} 31. Rd7 {[%clk 0:37:05]} Bd8
{[%clk 0:05:10]} 32. Be7 {[%clk 0:37:24]} Bxe7 {[%clk 0:04:54]} 33. Rxe7
{[%clk 0:37:49]} Nd6 {[%clk 0:05:18]} 34. Re6 {[%clk 0:37:07]} Nc4
{[%clk 0:04:20]} 35. Kd3 {[%clk 0:36:57]} b5 {[%clk 0:01:57]} 36. Ra6
{[%clk 0:33:53]} Kf7 {[%clk 0:01:10]} 37. Kd4 {[%clk 0:34:22]} Nd2
{[%clk 0:01:07]} 38. Rb6 {[%clk 0:34:13]} Nc4 {[%clk 0:01:01]} 39. Rb7+
{[%clk 0:34:26]} Kf6 {[%clk 0:01:16]} 40. a4 {[%clk 1:04:50]} Nd6
{[%clk 0:30:44]} 41. Rb6 {[%clk 1:05:04]} Ke7 {[%clk 0:31:07]} 42. Rxd6
{[%clk 1:05:26]} 1-0

[Event "World Chess Olympiad 2018"]
[Site "Batumi"]
[Date "2018.10.04"]
[Round "10"]
[Board "4"]
[WhiteFideId "9901302"]
[White "Kavinda Akila"]
[BlackFideId "14407701"]
[Black "Burovic Rijad"]
[Result "1/2-1/2"]
[LiveChessVersion "1.4.8"]
[BlackElo "2380"]
[WhiteElo "2047"]

1. d4 {[%clk 1:30:57]} Nf6 {[%clk 1:30:38]} 2. Nf3 {[%clk 1:31:22]} g6
{[%clk 1:30:14]} 3. g3 {[%clk 1:31:46]} Bg7 {[%clk 1:30:34]} 4. Bg2
{[%clk 1:32:08]} O-O {[%clk 1:30:57]} 5. O-O {[%clk 1:32:25]} d6 {[%clk 1:31:21]}
6. b3 {[%clk 1:32:49]} Nbd7 {[%clk 1:21:59]} 7. Bb2 {[%clk 1:32:45]} c6
{[%clk 1:22:02]} 8. c4 {[%clk 1:31:03]} Re8 {[%clk 1:22:05]} 9. Nc3
{[%clk 1:25:05]} e5 {[%clk 1:21:46]} 10. e4 {[%clk 1:13:48]} a6 {[%clk 1:14:02]}
11. Re1 {[%clk 0:46:30]} b5 {[%clk 0:46:32]} 12. cxb5 {[%clk 0:40:59]} axb5
{[%clk 0:43:52]} 13. d5 {[%clk 0:41:07]} cxd5 {[%clk 0:41:55]} 14. Nxd5
{[%clk 0:39:56]} Bb7 {[%clk 0:41:23]} 15. Nxf6+ {[%clk 0:28:09]} Nxf6
{[%clk 0:41:12]} 16. Qd3 {[%clk 0:23:07]} Qb6 {[%clk 0:29:26]} 17. Bf1
{[%clk 0:14:35]} Bc6 {[%clk 0:23:25]} 18. b4 {[%clk 0:08:25]} Qb7
{[%clk 0:17:22]} 19. Nd2 {[%clk 0:07:12]} d5 {[%clk 0:14:56]} 20. exd5
{[%clk 0:02:52]} Nxd5 {[%clk 0:15:09]} 21. Nb3 {[%clk 0:02:43]} Nxb4
{[%clk 0:12:33]} 22. Qd2 {[%clk 0:02:51]} Qd7 {[%clk 0:06:27]} 23. Qxb4
{[%clk 0:01:10]} Qd5 {[%clk 0:06:38]} 24. f3 {[%clk 0:01:33]} Qxf3
{[%clk 0:06:40]} 25. Qh4 {[%clk 0:01:26]} Rxa2 {[%clk 0:04:01]} 26. Rxa2
{[%clk 0:01:34]} Qh1+ {[%clk 0:04:10]} 27. Kf2 {[%clk 0:02:00]} Qf3+
{[%clk 0:04:38]} 28. Kg1 {[%clk 0:02:18]} Qxb3 {[%clk 0:04:39]} 29. Ra6
{[%clk 0:01:50]} Bb7 {[%clk 0:03:21]} 30. Ra7 {[%clk 0:01:53]} Bc6
{[%clk 0:02:36]} 31. Ra6 {[%clk 0:02:04]} Bb7 {[%clk 0:03:05]} 32. Ra7
{[%clk 0:02:29]} Bc6 {[%clk 0:03:34]} 33. Ra6 1/2-1/2

[Event "World Chess Olympiad 2018"]
[Site "Batumi"]
[Date "2018.10.04"]
[Round "10"]
[Board "1"]
[WhiteFideId "13504398"]
[White "Kovalev Vladislav"]
[BlackFideId "14700247"]
[Black "Khusenkhojaev Muhammad"]
[Result "1-0"]
[LiveChessVersion "1.4.8"]
[BlackElo "2430"]
[WhiteElo "2664"]

1. e4 {[%clk 1:30:57]} e5 {[%clk 1:30:40]} 2. Nf3 {[%clk 1:31:21]} Nc6
{[%clk 1:31:01]} 3. Nc3 {[%clk 1:30:59]} Nf6 {[%clk 1:31:18]} 4. h3
{[%clk 1:31:24]} d5 {[%clk 1:21:39]} 5. exd5 {[%clk 1:30:35]} Nxd5
{[%clk 1:22:02]} 6. Bb5 {[%clk 1:30:59]} Nxc3 {[%clk 1:21:37]} 7. bxc3
{[%clk 1:31:25]} Bd6 {[%clk 1:21:40]} 8. O-O {[%clk 1:31:51]} O-O
{[%clk 1:21:59]} 9. Re1 {[%clk 1:32:18]} Re8 {[%clk 1:19:00]} 10. d3
{[%clk 1:31:23]} Bd7 {[%clk 1:14:21]} 11. Ng5 {[%clk 1:30:32]} h6
{[%clk 1:14:34]} 12. Ne4 {[%clk 1:29:16]} Bf8 {[%clk 1:10:22]} 13. Qh5
{[%clk 1:07:41]} a6 {[%clk 1:03:46]} 14. Ba4 {[%clk 1:03:00]} g6 {[%clk 1:00:39]}
15. Qf3 {[%clk 1:02:11]} f5 {[%clk 1:00:59]} 16. Nc5 {[%clk 0:59:01]} e4
{[%clk 0:54:51]} 17. Qg3 {[%clk 0:53:21]} Kh7 {[%clk 0:55:03]} 18. Nxd7
{[%clk 0:52:16]} Qxd7 {[%clk 0:55:28]} 19. dxe4 {[%clk 0:51:15]} Rxe4
{[%clk 0:55:42]} 20. Rxe4 {[%clk 0:49:50]} fxe4 {[%clk 0:56:07]} 21. Bf4
{[%clk 0:49:13]} Bg7 {[%clk 0:51:30]} 22. Bxc7 {[%clk 0:39:53]} b5
{[%clk 0:49:39]} 23. Bb3 {[%clk 0:40:03]} a5 {[%clk 0:44:39]} 24. a4
{[%clk 0:34:48]} b4 {[%clk 0:41:29]} 25. Re1 {[%clk 0:34:43]} bxc3
{[%clk 0:40:53]} 26. Bb6 {[%clk 0:25:09]} Nd4 {[%clk 0:29:59]} 27. Bxd4
{[%clk 0:19:58]} Qxd4 {[%clk 0:30:13]} 28. Bf7 {[%clk 0:18:15]} Qf6
{[%clk 0:29:37]} 29. Bd5 {[%clk 0:17:31]} Rd8 {[%clk 0:29:54]} 30. Bxe4
{[%clk 0:17:00]} Rd4 {[%clk 0:30:10]} 31. Qg4 {[%clk 0:09:08]} Qg5
{[%clk 0:26:33]} 32. Qe6 {[%clk 0:06:11]} Qf6 {[%clk 0:22:43]} 33. Qg4
{[%clk 0:06:35]} Qg5 {[%clk 0:23:09]} 34. Qc8 {[%clk 0:02:37]} h5
{[%clk 0:15:35]} 35. Qe8 {[%clk 0:01:59]} Kh6 {[%clk 0:14:40]} 36. h4
{[%clk 0:00:46]} Qf6 {[%clk 0:15:03]} 37. g3 {[%clk 0:00:43]} Rd2
{[%clk 0:14:49]} 38. Rf1 {[%clk 0:01:04]} Qd6 {[%clk 0:08:41]} 39. Qb5
{[%clk 0:00:33]} Bd4 {[%clk 0:08:54]} 40. Qg5+ {[%clk 0:30:43]} Kg7
{[%clk 0:39:23]} 41. Kg2 {[%clk 0:23:19]} Qe6 {[%clk 0:36:40]} 42. Qf4
{[%clk 0:21:07]} Be5 {[%clk 0:32:50]} 43. Qf3 {[%clk 0:20:00]} Qf6
{[%clk 0:27:05]} 44. Rb1 {[%clk 0:12:15]} Qxf3+ {[%clk 0:27:24]} 45. Kxf3
{[%clk 0:12:42]} Bd4 {[%clk 0:27:36]} 46. Rb7+ {[%clk 0:10:00]} Kh6
{[%clk 0:26:07]} 47. Bd3 {[%clk 0:09:46]} Rxf2+ {[%clk 0:25:53]} 48. Ke4
{[%clk 0:10:15]} Bf6 {[%clk 0:26:06]} 49. Ke3 {[%clk 0:07:38]} Rg2
{[%clk 0:17:39]} 50. Kf3 {[%clk 0:08:05]} Rg1 {[%clk 0:17:36]} 51. Rb6
{[%clk 0:07:41]} Kg7 {[%clk 0:18:00]} 52. Ra6 {[%clk 0:07:26]} Be5
{[%clk 0:15:21]} 53. Rxg6+ {[%clk 0:07:36]} Kf7 {[%clk 0:15:45]} 54. Rg5
{[%clk 0:04:50]} Kf6 {[%clk 0:16:15]} 55. Ke4 {[%clk 0:03:03]} Bxg3
{[%clk 0:16:28]} 56. Rxa5 {[%clk 0:00:48]} Bxh4 {[%clk 0:16:11]} 57. Rf5+
{[%clk 0:00:54]} Ke7 {[%clk 0:16:20]} 58. a5 {[%clk 0:00:34]} Rg5
{[%clk 0:15:53]} 59. Rxg5 {[%clk 0:00:56]} 1-0